[Event "Ct. Tarragona indiv. Absolut"]
[Site "L'Hospitalet de l'Infant"]
[Date "2013.11.10"]
[Round "6"]
[White "Esplugas Esteve, V."]
[Black "Fernandez Alonso, MA."]
[Result "1/2-1/2"]
[WhiteElo "2231"]
[BlackElo "2087"]
[PlyCount "94"]
[EventDate "2013.??.??"]
[EventType "swiss"]
[EventRounds "9"]

1. d4 d5 2. c4 c6 3. Nc3 Nf6 4. e3 g6 5. Nf3 Bg7 6. Bd3 O-O 7. O-O b6 8. b3
Nbd7 9. Bb2 Bb7 10. Qc2 Rc8 11. e4 dxe4 12. Nxe4 Nxe4 13. Bxe4 Qc7 14. Rfe1
Rfd8 15. Rad1 e6 16. Ng5 Nf6 17. Bf3 Rd7 18. g3 Rcd8 19. h4 c5 20. dxc5 Bxf3
21. Nxf3 Qxc5 22. Ne5 Rxd1 23. Rxd1 Rxd1+ 24. Qxd1 Qc7 25. Qf3 Ne8 26. Qe4 Qd6
27. Kg2 f6 28. Qc6 Qxc6+ 29. Nxc6 a6 30. Nb8 e5 31. Nxa6 Bf8 32. Bc1 Nd6 33.
Be3 b5 34. c5 Nc8 35. c6 Bd6 36. Bc5 Kf7 37. Bxd6 Nxd6 38. Kf3 Ke6 39. Nc7+ Ke7
40. Nd5+ Ke6 41. Nb4 Ne8 42. Na6 Kd6 43. c7 Nxc7 44. Nxc7 Kxc7 45. Ke4 Kd6 46.
g4 b4 47. f3 Ke6 1/2-1/2

[Event "Ct. Tarragona indiv. Absolut"]
[Site "L'Hospitalet de l'Infant"]
[Date "2013.11.10"]
[Round "6"]
[White "Espuny Cid, J."]
[Black "Regue Farran, E."]
[Result "0-1"]
[WhiteElo "1705"]
[BlackElo "2053"]
[PlyCount "62"]
[EventDate "2013.??.??"]
[EventType "swiss"]
[EventRounds "9"]

1. e4 c5 2. c3 d5 3. exd5 Qxd5 4. d4 Nc6 5. Nf3 Bg4 6. Be2 cxd4 7. cxd4 e6 8.
a3 Nf6 9. Nc3 Qd7 10. Be3 Be7 11. O-O O-O 12. Qd2 a6 13. Rad1 Rfd8 14. Rfe1
Rac8 15. Ne5 Nxe5 16. dxe5 Qc7 17. Qc2 Qxe5 18. Bd4 Rxd4 19. Bxg4 Rxd1 20. Qxd1
Qc7 21. Bf3 Rd8 22. Qe2 b5 23. g3 h6 24. Ne4 Nd5 25. Rd1 Nb6 26. Nd2 Qc2 27.
Be4 Qxb2 28. Bb1 Nc4 29. Qe4 g6 30. Qg4 Rxd2 31. Rxd2 Nxd2 0-1

[Event "Ct. Tarragona indiv. Absolut"]
[Site "L'Hospitalet de l'Infant"]
[Date "2013.11.10"]
[Round "6"]
[White "Guasch Murtra, JM."]
[Black "Ordobas Martinez, V."]
[Result "1/2-1/2"]
[WhiteElo "1966"]
[BlackElo "2074"]
[PlyCount "104"]
[EventDate "2013.??.??"]
[EventType "swiss"]
[EventRounds "9"]

1. Nf3 Nf6 2. d4 g6 3. c4 Bg7 4. Nc3 O-O 5. e4 d6 6. Be2 Nbd7 7. O-O e5 8. d5
Nc5 9. Qc2 a5 10. Ne1 Nfd7 11. Bg4 f5 12. exf5 Nf6 13. Bh3 Bxf5 14. Bxf5 gxf5
15. Qxf5 Nxd5 16. Qg4 Nxc3 17. bxc3 Qf6 18. Nc2 Kh8 19. Ne3 c6 20. Ba3 b6 21.
Bxc5 bxc5 22. Rab1 Bh6 23. Qd7 Bxe3 24. fxe3 Qh6 25. Rfe1 Rf6 26. Qxc6 Raf8 27.
Qe4 Rf2 28. a4 Qf6 29. h3 Rg8 30. Rf1 Rgxg2+ 31. Qxg2 Rxg2+ 32. Kxg2 Qg5+ 33.
Kh2 Qxe3 34. Rg1 Qf4+ 35. Rg3 h5 36. Rb8+ Kh7 37. Kg2 Qe4+ 38. Kg1 Qe1+ 39. Kg2
Qe2+ 40. Kg1 h4 41. Rg4 Qe3+ 42. Kg2 Qe2+ 43. Kg1 Qe1+ 44. Kg2 e4 45. Rbg8 Qd2+
46. Kh1 Qxc3 47. Kh2 e3 48. R8g5 Qc2+ 49. Kh1 Kh6 50. Rg8 Qb1+ 51. Kh2 Qb2+ 52.
Kh1 Kh7 1/2-1/2

[Event "Ct. Tarragona indiv. Absolut"]
[Site "L'Hospitalet de l'Infant"]
[Date "2013.11.10"]
[Round "6"]
[White "Negreiro Pozo, B."]
[Black "Ribes Cabrera, JL."]
[Result "1-0"]
[WhiteElo "1967"]
[BlackElo "1861"]
[PlyCount "61"]
[EventDate "2013.??.??"]
[EventType "swiss"]
[EventRounds "9"]

1. e4 c6 2. d4 d5 3. e5 c5 4. c3 e6 5. Bd3 Nc6 6. Ne2 cxd4 7. cxd4 Nb4 8. O-O
Bd7 9. Nbc3 Nxd3 10. Qxd3 Ne7 11. Ng3 h5 12. Bg5 h4 13. Nge2 Qb6 14. g4 Nc6 15.
a3 Na5 16. b4 Nc4 17. f4 Rc8 18. Kh1 Be7 19. Bxe7 Kxe7 20. f5 Kf8 21. fxe6 Bxe6
22. Nf4 Kg8 23. Ncxd5 Bxd5+ 24. Nxd5 Qe6 25. Nf4 Qxg4 26. Ra2 h3 27. Raf2 Qd7
28. e6 fxe6 29. Ng6 Qd5+ 30. Rf3 Rc7 31. Kg1 1-0

[Event "Ct. Tarragona indiv. Absolut"]
[Site "L'Hospitalet de l'Infant"]
[Date "2013.11.10"]
[Round "6"]
[White "Plasencia Martinez, V."]
[Black "Cabrera Royo, R."]
[Result "1-0"]
[WhiteElo "2191"]
[BlackElo "1935"]
[PlyCount "33"]
[EventDate "2013.??.??"]
[EventType "swiss"]
[EventRounds "9"]

1. e4 c5 2. Nf3 Nc6 3. c3 d5 4. exd5 Qxd5 5. d4 Bg4 6. Be2 O-O-O 7. dxc5 Qe4 8.
Nbd2 Bxf3 9. gxf3 Qg6 10. Qa4 Nf6 11. Bb5 Qg2 12. Rf1 Ne5 13. Qxa7 Nxf3+ 14.
Nxf3 Qxf3 15. Be3 Nd5 16. c6 bxc6 17. Ba6# 1-0

[Event "Ct. Tarragona indiv. Absolut"]
[Site "L'Hospitalet de l'Infant"]
[Date "2013.11.10"]
[Round "6"]
[White "Pujol Codinach, E."]
[Black "Moser, W."]
[Result "1-0"]
[WhiteElo "2068"]
[BlackElo "1900"]
[PlyCount "65"]
[EventDate "2013.??.??"]
[EventType "swiss"]
[EventRounds "9"]

1. c4 e5 2. Nc3 Nf6 3. g3 c6 4. d4 exd4 5. Qxd4 Be7 6. Bg2 d6 7. e4 O-O 8. Nge2
Nbd7 9. O-O Ne5 10. b3 Bg4 11. f3 Be6 12. f4 c5 13. Qd2 Nc6 14. h3 a6 15. Bb2
Ne8 16. Rad1 f5 17. exf5 Rxf5 18. Nd5 Rf7 19. Nxe7+ Qxe7 20. Nc3 Rd8 21. Rde1
Qd7 22. g4 Rf8 23. Rxe6 Nc7 24. Ree1 b5 25. Nd5 Ne6 26. Nb6 Qc7 27. Rxe6 Qxb6
28. Rxd6 Qa5 29. Qxa5 Nxa5 30. Rxa6 bxc4 31. Rxa5 cxb3 32. axb3 Rc8 33. Ra7 1-0

[Event "Ct. Tarragona indiv. Absolut"]
[Site "L'Hospitalet de l'Infant"]
[Date "2013.11.10"]
[Round "6"]
[White "Rodriguez Marcos, JR."]
[Black "Fernandez Fuentes, FX."]
[Result "0-1"]
[WhiteElo "1985"]
[BlackElo "2119"]
[PlyCount "44"]
[EventDate "2013.??.??"]
[EventType "swiss"]
[EventRounds "9"]

1. e4 d6 2. d4 Nf6 3. Nc3 g6 4. f4 Bg7 5. Nf3 c5 6. dxc5 Qa5 7. Bd2 Qxc5 8. Bd3
O-O 9. Qe2 Bg4 10. h3 Bxf3 11. Qxf3 Nc6 12. Be3 Qb4 13. O-O Qxb2 14. Nd5 Qa3
15. Rfb1 Nxd5 16. exd5 Nb4 17. Rb3 Qa4 18. Rab1 Nxd3 19. Rxd3 Qxc2 20. Rdb3 b6
21. Kh2 Rfc8 22. f5 Qxf5 0-1

[Event "Ct. Tarragona indiv. Absolut"]
[Site "L'Hospitalet de l'Infant"]
[Date "2013.11.10"]
[Round "6"]
[White "Romero Mendez, A."]
[Black "Vicient Calvo, R."]
[Result "0-1"]
[WhiteElo "1979"]
[BlackElo "1932"]
[PlyCount "62"]
[EventDate "2013.??.??"]
[EventType "swiss"]
[EventRounds "9"]

1. d4 e6 2. e4 b6 3. c3 Bb7 4. Bd3 c5 5. Nf3 Nf6 6. Qe2 d6 7. Bg5 Be7 8. Nbd2
O-O 9. O-O Nc6 10. Rad1 cxd4 11. cxd4 Nb4 12. Rfe1 Nxa2 13. Bb1 Nb4 14. h3 Rc8
15. Rc1 Qd7 16. Rc3 Rxc3 17. bxc3 Ba6 18. Qe3 Nc6 19. g4 e5 20. Nh4 Nxg4 21.
hxg4 Qxg4+ 22. Qg3 Qxg3+ 23. fxg3 Bxg5 24. Ndf3 Bxh4 25. gxh4 Rc8 26. Ba2 h6
27. Re3 exd4 28. cxd4 Nb4 29. Ra3 Rc1+ 30. Kg2 Rc2+ 31. Kg3 Rxa2 0-1

[Event "Ct. Tarragona indiv. Absolut"]
[Site "L'Hospitalet de l'Infant"]
[Date "2013.11.10"]
[Round "6"]
[White "Sanchez Bernardino, MA."]
[Black "Luke Brezmes, C."]
[Result "1/2-1/2"]
[WhiteElo "2029"]
[BlackElo "2109"]
[PlyCount "91"]
[EventDate "2013.??.??"]
[EventType "swiss"]
[EventRounds "9"]

1. e4 e5 2. Nf3 Nc6 3. Bb5 a6 4. Ba4 Nf6 5. O-O b5 6. Bb3 Bb7 7. Re1 Bc5 8. c3
O-O 9. d4 Bb6 10. Bg5 d6 11. d5 Nb8 12. a4 Nbd7 13. axb5 axb5 14. Rxa8 Qxa8 15.
Na3 Ba6 16. h3 c6 17. dxc6 Qxc6 18. Bd5 Nxd5 19. exd5 Qc7 20. Nh4 f6 21. Be3 f5
22. Qh5 Bxe3 23. fxe3 Nf6 24. Qxf5 Nxd5 25. Qe6+ Qf7 26. Qxf7+ Kxf7 27. Nf5 Rd8
28. Rd1 g6 29. Nxd6+ Rxd6 30. e4 Ke6 31. exd5+ Rxd5 32. Rc1 Bb7 33. Rc2 Bc6 34.
c4 Rd1+ 35. Kf2 b4 36. Nb5 b3 37. Re2 Bxb5 38. cxb5 Rd5 39. Re3 Rxb5 40. Rc3
Kd5 41. Ke3 Rb4 42. Rc7 Re4+ 43. Kd3 Rf4 44. Ke3 Re4+ 45. Kd3 Rd4+ 46. Kc3
1/2-1/2

[Event "Ct. Tarragona indiv. Absolut"]
[Site "L'Hospitalet de l'Infant"]
[Date "2013.11.10"]
[Round "6"]
[White "Terreu Serra, F."]
[Black "Capdevila Vallve, J."]
[Result "1-0"]
[WhiteElo "1940"]
[BlackElo "1748"]
[PlyCount "39"]
[EventDate "2013.??.??"]
[EventType "swiss"]
[EventRounds "9"]

1. d4 d5 2. Nf3 Nf6 3. e3 e6 4. Bd3 Bd6 5. b3 O-O 6. Nbd2 c5 7. Bb2 Nc6 8. O-O
b6 9. a3 Qc7 10. c4 Bd7 11. Rc1 Rad8 12. dxc5 bxc5 13. Bxf6 gxf6 14. cxd5 Ne5
15. Nxe5 fxe5 16. Bxh7+ Kxh7 17. Qh5+ Kg8 18. Qg5+ Kh7 19. Rc4 e4 20. Rxe4 1-0

[Event "Ct. Tarragona indiv. Absolut"]
[Site "L'Hospitalet de l'Infant"]
[Date "2013.11.17"]
[Round "7"]
[White "Barberans Sola, S."]
[Black "Guasch Figuerola, A."]
[Result "0-1"]
[WhiteElo "1838"]
[BlackElo "2072"]
[PlyCount "42"]
[EventDate "2013.??.??"]
[EventType "swiss"]
[EventRounds "9"]

1. d4 b6 2. Nf3 Bb7 3. e3 e6 4. Bd3 f5 5. O-O Nf6 6. c4 Be7 7. Nc3 O-O 8. b3
Qe8 9. Nd2 Qg6 10. f3 c5 11. Ba3 Nc6 12. Ne2 Qh6 13. Nf4 cxd4 14. Bxe7 Nxe7 15.
Qe2 dxe3 16. Qxe3 Ng6 17. g3 Nxf4 18. gxf4 Nh5 19. Rad1 Qxf4 20. Qxf4 Nxf4 21.
Bc2 Rac8 0-1

[Event "Ct. Tarragona indiv. Absolut"]
[Site "L'Hospitalet de l'Infant"]
[Date "2013.11.17"]
[Round "7"]
[White "Benet Morant, D."]
[Black "Bozhkov, K."]
[Result "1-0"]
[WhiteElo "2037"]
[BlackElo "1747"]
[PlyCount "65"]
[EventDate "2013.??.??"]
[EventType "swiss"]
[EventRounds "9"]

1. d4 Nf6 2. c4 e6 3. g3 d5 4. Nf3 Be7 5. Bg2 c6 6. Qc2 Nbd7 7. Nbd2 O-O 8. O-O
b6 9. e4 dxe4 10. Nxe4 Bb7 11. Rd1 Nxe4 12. Qxe4 Nf6 13. Qe2 Qe8 14. Ne5 Bd6
15. Bg5 Bxe5 16. dxe5 Nd7 17. Rd6 Nxe5 18. Qxe5 f6 19. Bxf6 Rxf6 20. Rad1 Qf8
21. f4 Re8 22. Rd7 Bc8 23. Rxa7 Qc5+ 24. Qxc5 bxc5 25. Bxc6 Ref8 26. Re7 g5 27.
fxg5 Rf2 28. Re8 Kg7 29. Rxc8 Rxc8 30. Kxf2 Rxc6 31. Rd2 Kg6 32. h4 Rc7 33. Kf3
1-0

[Event "Ct. Tarragona indiv. Absolut"]
[Site "L'Hospitalet de l'Infant"]
[Date "2013.11.17"]
[Round "7"]
[White "Cabrera Royo, R."]
[Black "Rodriguez Marcos, JR."]
[Result "1-0"]
[WhiteElo "1935"]
[BlackElo "1985"]
[PlyCount "63"]
[EventDate "2013.??.??"]
[EventType "swiss"]
[EventRounds "9"]

1. d4 Nf6 2. Nc3 e6 3. e4 c5 4. d5 exd5 5. exd5 d6 6. Nf3 a6 7. a4 Be7 8. Bd3
O-O 9. h3 Re8 10. O-O Bf8 11. Bg5 Nbd7 12. Qd2 h6 13. Bh4 Ne5 14. Nxe5 Rxe5 15.
f4 Re8 16. Rae1 Bd7 17. Qd1 Qb6 18. Bc4 Qxb2 19. Bxf6 gxf6 20. Qd3 Rxe1 21.
Rxe1 f5 22. Rb1 Qa3 23. Rxb7 Qc1+ 24. Nd1 Re8 25. Rxd7 Re1+ 26. Kh2 Rxd1 27.
Qxf5 Rh1+ 28. Kg3 Qe3+ 29. Kg4 Be7 30. Bd3 Kf8 31. Rc7 c4 32. Rc8+ 1-0

[Event "Ct. Tarragona indiv. Absolut"]
[Site "L'Hospitalet de l'Infant"]
[Date "2013.11.17"]
[Round "7"]
[White "Fernandez Alonso, MA."]
[Black "Bru Rullo, L."]
[Result "1/2-1/2"]
[WhiteElo "2087"]
[BlackElo "2151"]
[PlyCount "93"]
[EventDate "2013.??.??"]
[EventType "swiss"]
[EventRounds "9"]

1. d4 d5 2. c4 e6 3. Nc3 c6 4. cxd5 exd5 5. Qc2 Bd6 6. Nf3 Nf6 7. Bg5 Nbd7 8.
e3 Nf8 9. Bd3 Ng6 10. h4 h6 11. Bxg6 hxg5 12. Nxg5 fxg6 13. Qxg6+ Kd7 14. Nf7
Qf8 15. Nxh8 Qxh8 16. h5 Qh6 17. Qf7+ Be7 18. O-O-O Kd6 19. Qg6 Qxg6 20. hxg6
Bf5 21. f3 Bxg6 22. Rh3 Bf5 23. Rh2 Kd7 24. Rdh1 Bd6 25. Rh8 Rxh8 26. Rxh8 Ke7
27. Kd2 a6 28. a3 Nd7 29. g4 Be6 30. a4 c5 31. b3 cxd4 32. exd4 Bf4+ 33. Kd3
Bf7 34. Ne2 Bg6+ 35. Kc3 Bd6 36. Rg8 Kf6 37. Rd8 Ke6 38. Rg8 Nf8 39. Rxg7 Be7
40. Nf4+ Kf6 41. Nxg6 Nxg6 42. Rh7 a5 43. Kc2 Ke6 44. Rh6 Kf7 45. Rh5 Ke6 46.
Rh6 Kf7 47. Rh5 1/2-1/2

[Event "Ct. Tarragona indiv. Absolut"]
[Site "L'Hospitalet de l'Infant"]
[Date "2013.11.17"]
[Round "7"]
[White "Fernandez Fuentes, FX."]
[Black "Sanchez Bernardino, MA."]
[Result "1-0"]
[WhiteElo "2119"]
[BlackElo "2029"]
[PlyCount "43"]
[EventDate "2013.??.??"]
[EventType "swiss"]
[EventRounds "9"]

1. d4 d5 2. Nf3 Nf6 3. c4 c6 4. Nc3 dxc4 5. a4 Bf5 6. e3 e6 7. Bxc4 Bb4 8. O-O
Nbd7 9. Qe2 Bg6 10. Rd1 Qa5 11. Nd2 Bc2 12. Re1 O-O 13. Bb3 Bg6 14. Nc4 Qc7 15.
Rd1 Rad8 16. Na2 Be7 17. Bd2 Ne4 18. Be1 Rfe8 19. f3 Nd6 20. Bg3 Nb6 21. Ne5
Nf5 22. Nxg6 1-0

[Event "Ct. Tarragona indiv. Absolut"]
[Site "L'Hospitalet de l'Infant"]
[Date "2013.11.17"]
[Round "7"]
[White "Fernandez Soriano, R."]
[Black "Esplugas Esteve, V."]
[Result "1/2-1/2"]
[WhiteElo "2122"]
[BlackElo "2231"]
[PlyCount "68"]
[EventDate "2013.??.??"]
[EventType "swiss"]
[EventRounds "9"]

1. d4 e6 2. c4 b6 3. a3 Nf6 4. Nc3 Bb7 5. Nf3 d5 6. Bg5 Be7 7. e3 Nbd7 8. Rc1
O-O 9. Bd3 h6 10. Bh4 c5 11. cxd5 exd5 12. O-O Re8 13. Qc2 Rc8 14. Bf5 Ne4 15.
Bxe7 Qxe7 16. Qb3 g6 17. Bh3 c4 18. Qc2 Ng5 19. Nxg5 hxg5 20. Rce1 Kg7 21. f3
f5 22. g4 Rh8 23. Bg2 Qd6 24. h3 f4 25. Qf2 Nf8 26. exf4 Ne6 27. Ne2 gxf4 28.
Nc3 Rce8 29. Re5 Bc6 30. Rfe1 b5 31. Qd2 Re7 32. Nd1 Rhe8 33. h4 Kf8 34. Nf2
Bd7 1/2-1/2

[Event "Ct. Tarragona indiv. Absolut"]
[Site "L'Hospitalet de l'Infant"]
[Date "2013.11.17"]
[Round "7"]
[White "Luke Brezmes, C."]
[Black "Guasch Murtra, JM."]
[Result "0-1"]
[WhiteElo "2109"]
[BlackElo "1966"]
[PlyCount "56"]
[EventDate "2013.??.??"]
[EventType "swiss"]
[EventRounds "9"]

1. e4 e5 2. Nf3 Nc6 3. Bb5 a6 4. Ba4 Nf6 5. O-O Nxe4 6. Re1 Nc5 7. Bxc6 dxc6 8.
Nxe5 Be6 9. d4 Nd7 10. Nd3 Qf6 11. Qh5 g6 12. Qa5 Bd6 13. Nc3 b6 14. Qa4 b5 15.
Qa5 O-O 16. Ne4 Qxd4 17. Bh6 Rfd8 18. a4 Bf5 19. Nxd6 cxd6 20. Nb4 Ne5 21. c3
Qh4 22. Bc1 Ng4 23. Be3 Qxh2+ 24. Kf1 Nxe3+ 25. fxe3 Be4 26. Ke2 Qxg2+ 27. Kd1
Qxb2 28. Rc1 Bf3+ 0-1

[Event "Ct. Tarragona indiv. Absolut"]
[Site "L'Hospitalet de l'Infant"]
[Date "2013.11.17"]
[Round "7"]
[White "Ordobas Martinez, V."]
[Black "Pujol Codinach, E."]
[Result "1/2-1/2"]
[WhiteElo "2074"]
[BlackElo "2068"]
[PlyCount "74"]
[EventDate "2013.??.??"]
[EventType "swiss"]
[EventRounds "9"]

1. e4 c5 2. c3 d5 3. exd5 Qxd5 4. d4 Nf6 5. Nf3 e6 6. Bd3 Nc6 7. O-O Be7 8. Qe2
cxd4 9. cxd4 O-O 10. Rd1 b6 11. Nc3 Qh5 12. Bg5 Bb7 13. Bxf6 Bxf6 14. Ne4 Be7
15. Ng3 Qg4 16. Qe3 Bd6 17. h3 Qf4 18. Qe2 Nb4 19. Be4 Bxe4 20. Nxe4 Bc7 21.
Rac1 Nd5 22. g3 Qh6 23. Kh2 Rac8 24. Rc4 Bb8 25. Rdc1 Rxc4 26. Rxc4 Qh5 27. a4
Ne7 28. b3 Nf5 29. Kg2 Ne7 30. b4 Qd5 31. Qc2 h6 32. a5 bxa5 33. Rc5 Qb7 34.
bxa5 Nf5 35. Rc6 Ne7 36. Rc5 Nf5 37. Rc6 Ne7 1/2-1/2

[Event "Ct. Tarragona indiv. Absolut"]
[Site "L'Hospitalet de l'Infant"]
[Date "2013.11.17"]
[Round "7"]
[White "Regue Farran, E."]
[Black "Terreu Serra, F."]
[Result "1-0"]
[WhiteElo "2053"]
[BlackElo "1940"]
[PlyCount "51"]
[EventDate "2013.??.??"]
[EventType "swiss"]
[EventRounds "9"]

1. e4 d5 2. exd5 Qxd5 3. Nc3 Qd8 4. d4 Nf6 5. Be2 Bf5 6. Nf3 e6 7. O-O Nc6 8.
Bg5 Be7 9. Qd2 O-O 10. a3 Ne4 11. Nxe4 Bxe4 12. Bxe7 Nxe7 13. Ng5 Bg6 14. Rad1
Nf5 15. Nf3 Bh5 16. Rfe1 Nh4 17. Nxh4 Bxe2 18. Qxe2 Qxh4 19. Qe5 c6 20. Re4 Qf6
21. Qc7 Qd8 22. Qg3 Qd5 23. Rg4 g6 24. Rd3 f5 25. Rxg6+ Kh8 26. Qc7 1-0

[Event "Ct. Tarragona indiv. Absolut"]
[Site "L'Hospitalet de l'Infant"]
[Date "2013.11.17"]
[Round "7"]
[White "Reig Pinol, A."]
[Black "Plasencia Martinez, V."]
[Result "1-0"]
[WhiteElo "2031"]
[BlackElo "2191"]
[PlyCount "33"]
[EventDate "2013.??.??"]
[EventType "swiss"]
[EventRounds "9"]

1. d4 Nf6 2. Nf3 g6 3. Nc3 d5 4. Bf4 Bg7 5. e3 O-O 6. Be2 Bg4 7. Ne5 Bxe2 8.
Qxe2 c6 9. h4 Qa5 10. O-O-O h6 11. h5 g5 12. Bxg5 hxg5 13. h6 Bh8 14. h7+ Kg7
15. Rh5 Rd8 16. Rxg5+ Kf8 17. Qh5 1-0

[Event "Ct. Tarragona indiv. Absolut"]
[Site "L'Hospitalet de l'Infant"]
[Date "2013.11.17"]
[Round "7"]
[White "Sanges Montfort, J."]
[Black "Celma Querol, C."]
[Result "0-1"]
[WhiteElo "1775"]
[BlackElo "1818"]
[PlyCount "64"]
[EventDate "2013.??.??"]
[EventType "swiss"]
[EventRounds "9"]

1. d4 Nf6 2. Nf3 g6 3. Bg5 Bg7 4. e3 c5 5. Bd3 Nc6 6. c3 cxd4 7. exd4 d6 8.
Nbd2 O-O 9. O-O Qc7 10. Qe2 a6 11. a4 Be6 12. Ne4 Nxe4 13. Bxe4 Na5 14. d5 Bg4
15. h3 Bxf3 16. Bxf3 Rfe8 17. Rac1 Nc4 18. g4 b5 19. axb5 axb5 20. b3 Ne5 21.
Be4 Ra3 22. f4 Nd7 23. Qxb5 Rb8 24. Qc6 Qa7+ 25. Kg2 Qe3 26. Bc2 Ra2 27. Qc4
Qd2+ 28. Kg1 Rxc2 29. Rxc2 Qxc2 30. Qc7 Bd4+ 31. Kh1 Qe4+ 32. Kh2 Qe2+ 0-1

[Event "Ct. Tarragona indiv. Absolut"]
[Site "L'Hospitalet de l'Infant"]
[Date "2013.11.17"]
[Round "7"]
[White "Vicient Calvo, R."]
[Black "Negreiro Pozo, B."]
[Result "0-1"]
[WhiteElo "1932"]
[BlackElo "1967"]
[PlyCount "70"]
[EventDate "2013.??.??"]
[EventType "swiss"]
[EventRounds "9"]

1. d4 d5 2. c4 e6 3. Nc3 Nf6 4. Bf4 dxc4 5. e3 a6 6. a4 c5 7. Nf3 Nc6 8. Bxc4
cxd4 9. exd4 Nd5 10. Bg5 Qa5 11. Bd2 Bb4 12. Qb3 O-O 13. O-O Nxc3 14. bxc3 Bd6
15. Bd3 Qh5 16. h3 e5 17. Ng5 h6 18. Ne4 Qg6 19. Qd5 Bc7 20. Nc5 Qd6 21. Qe4 f5
22. Bc4+ Kh8 23. Qh4 exd4 24. g3 Bd8 25. Qh5 Qxc5 26. Ba2 Qd6 27. Bf4 Qf6 28.
Rfe1 Ba5 29. Re8 Bd7 30. Rxa8 Rxa8 31. cxd4 Be8 32. Qf3 Nxd4 33. Qd5 Bc6 34.
Qxa5 Ne2+ 35. Kh2 Qxa1 0-1

[Event "Ct. Tarragona indiv. Absolut"]
[Site "L'Hospitalet de l'Infant"]
[Date "2013.11.24"]
[Round "8"]
[White "Bozhkov, K."]
[Black "Vicient Calvo, R."]
[Result "0-1"]
[WhiteElo "1747"]
[BlackElo "1932"]
[PlyCount "50"]
[EventDate "2013.??.??"]
[EventType "swiss"]
[EventRounds "9"]

1. e4 e6 2. d4 b6 3. Nf3 Bb7 4. Bd3 c5 5. c3 cxd4 6. cxd4 Bb4+ 7. Nbd2 Nf6 8.
e5 Ne4 9. O-O Nxd2 10. Nxd2 f5 11. a3 Bxd2 12. Bxd2 Qh4 13. f4 g5 14. Be1 Qh6
15. fxg5 Qxg5 16. Bg3 Nc6 17. Bxf5 exf5 18. d5 Ne7 19. Qd4 O-O 20. Bh4 Qg7 21.
Bf6 Qf7 22. Bxe7 Qxe7 23. d6 Qg7 24. Rf2 Rae8 25. Re1 Rf6 0-1

[Event "Ct. Tarragona indiv. Absolut"]
[Site "L'Hospitalet de l'Infant"]
[Date "2013.11.24"]
[Round "8"]
[White "Bru Rullo, L."]
[Black "Benet Morant, D."]
[Result "1-0"]
[WhiteElo "2151"]
[BlackElo "2037"]
[PlyCount "96"]
[EventDate "2013.??.??"]
[EventType "swiss"]
[EventRounds "9"]

1. e4 d6 2. d4 Nf6 3. Nc3 g6 4. Nf3 Bg7 5. Bd3 Nc6 6. d5 Nb4 7. Be2 O-O 8. h3
a5 9. Be3 c6 10. a3 Na6 11. Qd2 Qc7 12. O-O Rd8 13. Rad1 Bd7 14. Rfe1 Nc5 15.
Bxc5 dxc5 16. Qe3 b6 17. Rd2 Ne8 18. e5 e6 19. d6 Qa7 20. Ne4 Bc8 21. Qf4 b5
22. c4 Rb8 23. Qh4 Ba6 24. Red1 Rd7 25. Qf4 bxc4 26. Qe3 c3 27. Qxc3 Bxe2 28.
Rxe2 Rb5 29. a4 Rb4 30. Nxc5 Rxd6 31. exd6 Bxc3 32. d7 Rb8 33. d8=Q Rxd8 34.
Rxd8 Qe7 35. Ra8 Bb4 36. Nd3 Kf8 37. Nxb4 Qxb4 38. Rd2 Ke7 39. Ra7+ Kf6 40. Rd4
Qxb2 41. Rf4+ Kg7 42. Raxf7+ Kg8 43. Rf8+ Kg7 44. R4f7+ Kh6 45. Rxe8 c5 46.
Ree7 Qa1+ 47. Kh2 Qh8 48. g4 Qb8+ 1-0

[Event "Ct. Tarragona indiv. Absolut"]
[Site "L'Hospitalet de l'Infant"]
[Date "2013.11.24"]
[Round "8"]
[White "Espuny Cid, J."]
[Black "Benaiges Fontanet, G."]
[Result "0-1"]
[WhiteElo "1705"]
[BlackElo "2053"]
[PlyCount "58"]
[EventDate "2013.??.??"]
[EventType "swiss"]
[EventRounds "9"]

1. e4 e6 2. d3 b6 3. Nd2 Bb7 4. g3 f5 5. Bg2 g6 6. Ngf3 Ne7 7. e5 Bg7 8. d4 O-O
9. O-O h6 10. h4 Nbc6 11. Re1 Qc8 12. Nf1 Nd8 13. Be3 d5 14. exd6 cxd6 15. Bf4
Qd7 16. Qd2 Kh7 17. Ne3 Nd5 18. Nc4 Nxf4 19. Qxf4 Nf7 20. Rad1 Qc7 21. Nfd2
Bxg2 22. Kxg2 Rae8 23. g4 Qc6+ 24. Kg1 e5 25. dxe5 Nxe5 26. g5 hxg5 27. hxg5
Rh8 28. Nxe5 Bxe5 29. Qh4+ Kg7 0-1

[Event "Ct. Tarragona indiv. Absolut"]
[Site "L'Hospitalet de l'Infant"]
[Date "2013.11.24"]
[Round "8"]
[White "Fernandez Fuentes, FX."]
[Black "Fernandez Alonso, MA."]
[Result "1-0"]
[WhiteElo "2119"]
[BlackElo "2087"]
[PlyCount "71"]
[EventDate "2013.??.??"]
[EventType "swiss"]
[EventRounds "9"]

1. e4 c5 2. Nc3 Nc6 3. f4 e6 4. Nf3 d5 5. Bb5 Nge7 6. exd5 Nxd5 7. Bxc6+ bxc6
8. d3 g6 9. Ne4 Bg7 10. O-O Qe7 11. Ne5 Bb7 12. Qe1 Nf6 13. Qc3 Nxe4 14. dxe4
O-O 15. Be3 Rfd8 16. Bxc5 Qc7 17. Qe3 f6 18. Nd3 Rd7 19. Rfd1 Bc8 20. Bd4 Rf7
21. e5 f5 22. Bc5 Bf8 23. Bxf8 Kxf8 24. Nc5 Rb8 25. Qc3 Qb6 26. Rd4 Re7 27. b3
Bd7 28. Rad1 Be8 29. Qc4 Kf7 30. a4 a5 31. Kf1 Qb4 32. Qxb4 axb4 33. Rc4 Ra7
34. Rdd4 Ra5 35. Nd3 Rba8 36. Rxb4 1-0

[Event "Ct. Tarragona indiv. Absolut"]
[Site "L'Hospitalet de l'Infant"]
[Date "2013.11.24"]
[Round "8"]
[White "Guasch Figuerola, A."]
[Black "Costa Berengue, J."]
[Result "1-0"]
[WhiteElo "2072"]
[BlackElo "1848"]
[PlyCount "59"]
[EventDate "2013.??.??"]
[EventType "swiss"]
[EventRounds "9"]

1. c4 c5 2. Nc3 Nf6 3. Nf3 Nc6 4. d4 cxd4 5. Nxd4 d6 6. g3 g6 7. Bg2 Bd7 8. O-O
Bg7 9. h3 O-O 10. Nc2 Qc8 11. Kh2 Ne5 12. b3 Bc6 13. e4 Nfd7 14. Bb2 Nc5 15.
Rb1 a5 16. Ne3 Ned7 17. Ncd5 Re8 18. f4 e6 19. Bxg7 Kxg7 20. Nc3 Qc7 21. Rb2 a4
22. b4 Qb6 23. Qd2 a3 24. Rbb1 Na4 25. b5 Qa5 26. bxc6 Qxc3 27. Qxc3+ Nxc3 28.
cxd7 Red8 29. Rb3 Nxa2 30. Ra1 1-0

[Event "Ct. Tarragona indiv. Absolut"]
[Site "L'Hospitalet de l'Infant"]
[Date "2013.11.24"]
[Round "8"]
[White "Guasch Murtra, JM."]
[Black "Esplugas Esteve, V."]
[Result "0-1"]
[WhiteElo "1966"]
[BlackElo "2231"]
[PlyCount "56"]
[EventDate "2013.??.??"]
[EventType "swiss"]
[EventRounds "9"]

1. d4 e6 2. g3 c5 3. Nf3 Nf6 4. Bg2 cxd4 5. Nxd4 d5 6. O-O e5 7. Nf3 Nc6 8. c4
d4 9. b4 e4 10. Ng5 Bxb4 11. Nxe4 Nxe4 12. Bxe4 Bh3 13. Bg2 Bxg2 14. Kxg2 Qf6
15. a3 Be7 16. Bb2 O-O-O 17. Qc2 h5 18. Nd2 h4 19. Nf3 Qe6 20. Rad1 hxg3 21.
fxg3 Ne5 22. Qe4 Qh3+ 23. Kf2 Ng4+ 24. Ke1 Ne3 25. Rf2 Nxd1 26. Kxd1 Rhe8 27.
Qd3 Bf6 28. Nxd4 Bxd4 0-1

[Event "Ct. Tarragona indiv. Absolut"]
[Site "L'Hospitalet de l'Infant"]
[Date "2013.11.24"]
[Round "8"]
[White "Haynes, M."]
[Black "Sanges Montfort, J."]
[Result "1-0"]
[WhiteElo "1786"]
[BlackElo "1775"]
[PlyCount "41"]
[EventDate "2013.??.??"]
[EventType "swiss"]
[EventRounds "9"]

1. d4 Nf6 2. Nf3 c5 3. e3 cxd4 4. exd4 e6 5. Bd3 d5 6. Nbd2 b6 7. Ne5 Bd6 8.
Ndf3 Qc7 9. Qe2 Nbd7 10. Nxf7 O-O 11. Nxd6 Qxd6 12. O-O Ng4 13. g3 e5 14. Nxe5
Ndxe5 15. dxe5 Nxe5 16. Bf4 Rxf4 17. gxf4 Ng6 18. Qe8+ Nf8 19. Qe5 Qc6 20. c4
dxc4 21. Be4 1-0